[Event "Titled Tuesday intern op 25th Jul Late"]
[Site "Chess.com INT"]
[Date "2023.07.25"]
[Round "1"]
[White "Floresvillar Gonzalez, Luis Miguel"]
[Black "Machidon, Cristi"]
[Result "1/2-1/2"]
[WhiteElo "2019"]
[BlackElo "2313"]
[PlyCount "105"]
[EventDate "2023.07.25"]
[EventType "swiss (blitz)"]
[EventRounds "11"]
[EventCountry "USA"]
[SourceTitle "EXT 2024"]
[Source "ChessBase"]
[SourceDate "2023.10.10"]
[SourceVersion "1"]
[SourceVersionDate "2023.10.10"]
[SourceQuality "1"]

1. d4 Nf6 2. c3 e6 3. Bg5 c5 4. e3 b6 5. Bd3 Bb7 6. Nf3 Be7 7. Nbd2 0-0 8. 0-0 cxd4 9. cxd4 d6 10. Rc1 Nc6 11. a3 a6 12. Bb1 b5 13. Bxf6 Bxf6 14. Rxc6 Bxc6 15. Qc2 g6 16. Qxc6 Qb8 17. Qe4 d5 18. Qg4 Rc8 19. h4 h5 20. Qg3 Qxg3 21. fxg3 Rc7 22. e4 Rd8 23. e5 Be7 24. Ng5 Bxg5 25. hxg5 a5 26. Nb3 a4 27. Nc5 b4 28. axb4 Rc6 29. Bc2 Rb6 30. Bxa4 Rxb4 31. Rf4 Rxb2 32. g4 h4 33. Kh2 Kg7 34. Rf3 Rd2 35. Rf4 Rb8 36. Kh3 Rb4 37. Be8 Rdxd4 38. Rxf7+ Kg8 39. Nxe6 Rxg4 40. Rg7+ Kh8 41. Rxg6 Rg3+ 42. Kh2 Rb2 43. Rh6+ Kg8 44. Rxh4 Rgxg2+ 45. Kh3 Rh2+ 46. Kg4 Rbg2+ 47. Kh5 Re2 48. Rxh2 Rxh2+ 49. Kg6 Re2 50. Bf7+ Kh8 51. Nf4 Rxe5 52. Nxd5 Rxd5 53. Bxd5 1/2-1/2

[Event "Titled Tuesday intern op 06th Jun Early"]
[Site "Chess.com INT"]
[Date "2023.06.06"]
[Round "11"]
[White "Machidon, Cristi"]
[Black "Koshulyan, Egor A"]
[Result "0-1"]
[WhiteElo "2313"]
[BlackElo "2136"]
[PlyCount "62"]
[EventDate "2023.06.06"]
[EventType "swiss (blitz)"]
[EventRounds "11"]
[EventCountry "USA"]
[SourceTitle "EXT 2024"]
[Source "ChessBase"]
[SourceDate "2023.10.10"]
[SourceVersion "1"]
[SourceVersionDate "2023.10.10"]
[SourceQuality "1"]

1. e4 c5 2. Nf3 Nc6 3. Bb5 g5 4. Bxc6 dxc6 5. Nxg5 Nf6 6. d3 Rg8 7. 0-0 h6 8. Nf3 Bh3 9. Ne1 Qd7 10. f3 0-0-0 11. Qe2 Nh5 12. Kh1 Be6 13. Be3 Qd6 14. f4 Bg4 15. Qf2 e5 16. f5 Be7 17. h3 Be2 18. Rg1 Ng3+ 19. Kh2 Bh4 20. Bxc5 Qf6 21. Qe3 Bg5 22. Qxg3 Bf4 23. Qxf4 exf4 24. Nc3 Qh4 25. Nxe2 Qf6 26. Rb1 Qe5 27. Bf2 f3+ 28. Bg3 Rxg3 29. Nxg3 f2 30. Nf3 fxg1Q+ 31. Rxg1 Qxb2 0-1

[Event "Titled Tuesday intern op 06th Jun Late"]
[Site "Chess.com INT"]
[Date "2023.06.06"]
[Round "7"]
[White "Tanenbaum, Zachary Chen"]
[Black "Machidon, Cristi"]
[Result "1-0"]
[WhiteElo "2247"]
[BlackElo "2313"]
[PlyCount "71"]
[EventDate "2023.06.06"]
[EventType "swiss (blitz)"]
[EventRounds "11"]
[EventCountry "USA"]
[SourceTitle "EXT 2024"]
[Source "ChessBase"]
[SourceDate "2023.10.10"]
[SourceVersion "1"]
[SourceVersionDate "2023.10.10"]
[SourceQuality "1"]

1. e4 c6 2. d4 d5 3. exd5 cxd5 4. Bd3 Nc6 5. c3 Nf6 6. Bf4 Bg4 7. Qb3 Qd7 8. Nd2 e6 9. Ngf3 Bd6 10. Bxd6 Qxd6 11. 0-0 0-0 12. Rfe1 Qc7 13. Qc2 Bh5 14. Ne5 Bg6 15. Bxg6 hxg6 16. Qd3 Nxe5 17. dxe5 Nd7 18. Nf3 Qc4 19. Qe3 b5 20. b3 Qc5 21. Qd2 Rfc8 22. Re3 a5 23. Ng5 b4 24. c4 Nb6 25. Rh3 Nxc4 26. bxc4 Qxc4 27. Re1 a4 28. Rf3 b3 29. axb3 axb3 30. Nxf7 Ra2 31. Qg5 Qe2 32. Re3 Qc2 33. Nd6 b2 34. Qg4 b1Q 35. Qxe6+ Kf8 36. Qf7# 1-0

[Event "Titled Tuesday intern op 06th Jun Late"]
[Site "Chess.com INT"]
[Date "2023.06.06"]
[Round "8"]
[White "Tejedor Fuente, Enrique"]
[Black "Machidon, Cristi"]
[Result "1-0"]
[WhiteElo "2390"]
[BlackElo "2313"]
[PlyCount "73"]
[EventDate "2023.06.06"]
[EventType "swiss (blitz)"]
[EventRounds "11"]
[EventCountry "USA"]
[SourceTitle "EXT 2024"]
[Source "ChessBase"]
[SourceDate "2023.10.10"]
[SourceVersion "1"]
[SourceVersionDate "2023.10.10"]
[SourceQuality "1"]

1. c3 e5 2. d4 Nc6 3. e4 Nf6 4. Nf3 d5 5. exd5 Qxd5 6. Be3 Bg4 7. Be2 exd4 8. cxd4 Bb4+ 9. Nc3 0-0 10. 0-0 Bxc3 11. bxc3 Rfe8 12. c4 Qd7 13. d5 Ne5 14. Nxe5 Rxe5 15. Bxg4 Qxg4 16. Qxg4 Nxg4 17. Bf4 Re4 18. Bxc7 Rxc4 19. d6 Nf6 20. Rfe1 Kf8 21. Rad1 Nd7 22. Re7 Rxc7 23. Rde1 Rc2 24. Rxd7 Rxa2 25. h4 Ra5 26. g4 Ra4 27. f3 h5 28. gxh5 Rf4 29. Kg2 Re8 30. Rc1 Rxh4 31. Rcc7 Rf4 32. Rxb7 a5 33. Rdc7 Rd8 34. Ra7 a4 35. Rd7 Rxd7 36. Ra8+ Rd8 37. Rxd8# 1-0